|
|
|
|
| LEADER |
00844nam a22002057a 4500 |
| 008 |
170327b xxu||||| |||| 00| 0 eng d |
| 999 |
|
|
|c 17138
|d 17138
|
| 082 |
|
|
|a 297.283
|b SIM
|
| 100 |
|
|
|a സൈമണ് മാസ്റ്റര്, ഇ. സി.
|
| 240 |
|
|
|a Bibilum quranum
|
| 245 |
|
|
|a ബൈബിളും ഖുര്ആനും /
|c ഇ. സി. സൈമണ് മാസ്റ്റര്
|
| 250 |
|
|
|a 2nd ed.
|
| 260 |
|
|
|a കോഴിക്കോട് :
|b ഇസ്ലാമിക് പബ്ലിഷിംഗ് ഹൗസ്,
|c 2011.
|
| 300 |
|
|
|a 123p.
|
| 650 |
|
|
|a Holly books
|
| 650 |
|
|
|a Bible
|
| 650 |
|
|
|a Quran
|
| 700 |
|
|
|a Simon Master, E. C.
|
| 942 |
|
|
|2 ddc
|c BK
|
| 952 |
|
|
|0 0
|1 0
|2 ddc
|4 0
|6 297_283000000000000_SIM
|7 0
|9 24053
|a MAIN
|b MAIN
|d 2017-03-27
|e Gift
|g 75.00
|o 297.283 SIM
|p 18050
|r 2017-03-27
|t 1
|w 2017-03-27
|y BK
|